Statistics for Count to 100 by Roman Numeral Length

Click here to take the quiz!

General Stats

  • This quiz has been taken 198 times
  • The average score is 60 of 95

Answer Stats

#% Correct
2
100%
3
100%
4
99%
2
95%
1
94%
2
94%
2
93%
3
93%
3
93%
4
93%
2
92%
3
92%
3
92%
4
92%
5
92%
3
91%
3
90%
4
90%
4
90%
4
90%
5
90%
5
89%
6
88%
3
85%
4
85%
4
84%
5
84%
6
84%
4
80%
5
80%
5
80%
5
80%
6
80%
7
80%
2
78%
3
76%
4
75%
5
73%
3
71%
4
71%
4
71%
4
69%
5
69%
6
69%
1
67%
2
67%
3
67%
4
67%
3
64%
2
63%
3
62%
4
62%
2
61%
3
61%
5
61%
3
59%
4
59%
5
58%
4
55%
3
53%
4
52%
5
52%
6
52%
3
50%
4
50%
4
49%
5
49%
6
48%
5
46%
4
45%
5
44%
5
44%
6
44%
7
44%
4
42%
5
38%
6
38%
7
38%
6
37%
5
34%
6
33%
7
33%
8
32%
6
30%
2
27%
3
25%
4
25%
5
24%
4
22%
3
21%
4
20%
5
20%
6
20%
4
19%
1
18%

Score Distribution

Percentile by Number Answered

Percent of People with Each Score

Your Score History

You have not taken this quiz